La fuerza de la gacela / (Registro nro. 9694)

Detalles MARC
000 -LEADER
fixed length control field 00845nam a22003137a 4500
001 - CONTROL NUMBER
control field 339155
003 - CONTROL NUMBER IDENTIFIER
control field DO-SdBNP
005 - DATE AND TIME OF LATEST TRANSACTION
control field 20180220132259.0
007 - PHYSICAL DESCRIPTION FIXED FIELD--GENERAL INFORMATION
fixed length control field 339155
008 - FIXED-LENGTH DATA ELEMENTS--GENERAL INFORMATION
fixed length control field 921216s1997 sp | |||| ||spa d
016 7# - NATIONAL BIBLIOGRAPHIC AGENCY CONTROL NUMBER
Record control number
Canceled/invalid record control number
Source BPMSU
017 ## - COPYRIGHT OR LEGAL DEPOSIT NUMBER
Copyright or legal deposit number
Assigning agency
020 ## - INTERNATIONAL STANDARD BOOK NUMBER
International Standard Book Number 8434820404
035 ## - SYSTEM CONTROL NUMBER
System control number
040 ## - CATALOGING SOURCE
Original cataloging agency BPAMU
Language of cataloging spa
Transcribing agency BPMSU
080 #4 - UNIVERSAL DECIMAL CLASSIFICATION NUMBER
Universal Decimal Classification number
100 1# - MAIN ENTRY--PERSONAL NAME
Personal name Vázquez-Vigo, Carmen
245 13 - TITLE STATEMENT
Title La fuerza de la gacela /
Statement of responsibility, etc. Carmen Vázquez-Vigo ; ilustraciones de Jesús Gabán
250 ## - EDITION STATEMENT
Edition statement 10ª ed.
260 ## - PUBLICATION, DISTRIBUTION, ETC. (IMPRINT)
Place of publication, distribution, etc. Madrid :
Name of publisher, distributor, etc. SM,
Date of publication, distribution, etc. 1997
300 ## - PHYSICAL DESCRIPTION
Extent 60 p.;
Other physical details il. :
Dimensions 20 cm.
490 1# - SERIES STATEMENT
Series statement El barco de vapor
Volume/sequential designation 14
586 ## - AWARDS NOTE
Awards note Premio Lazarillo 1973
700 12 - ADDED ENTRY--PERSONAL NAME
Personal name Gabán, Jesús,
Dates associated with a name 1957-
Relator term il.
830 #0 - SERIES ADDED ENTRY--UNIFORM TITLE
Uniform title El barco de vapor
Volume number/sequential designation 14
942 ## - ADDED ENTRY ELEMENTS (KOHA)
Source of classification or shelving scheme Dewey Decimal Classification
Koha item type Libros
945 ## - LOCAL PROCESSING INFORMATION (OCLC)
a Inventariado, 2018 /LP
956 ## - LOCAL ELECTRONIC LOCATION AND ACCESS (OCLC)
Host name VMATEO
Access method 10
Materials specified 20160412
Linkage BPMSU
Field link and sequence number 00151
Existencias
Withdrawn status Lost status Source of classification or shelving scheme Damaged status Not for loan Collection code Home library Current library Date acquired Source of acquisition Total Checkouts Barcode Date last seen Price effective from Koha item type
    Dewey Decimal Classification     Colección Infantil General Biblioteca Pública Metropolitana Salomé Ureña Biblioteca Pública Metropolitana Salomé Ureña 04/12/2016 FUNDI   BPMSU16040334 04/12/2016 04/12/2016 Libros